书目信息 |
| 题名: |
安全力
|
|
| 作者: | 彭国强 著 | |
| 分册: | ||
| 出版信息: | 天津 天津人民出版社 2018.11 |
|
| 页数: | 219页 | |
| 开本: | 24cm | |
| 丛书名: | ||
| 单 册: | ||
| 中图分类: | X93 | |
| 科图分类: | ||
| 主题词: | 安全生产--an quan sheng chan | |
| 电子资源: | ||
| ISBN: | 978-7-201-14177-0 | |
| 000 | 01380nam0 2200289 450 | |
| 001 | 0100010221 | |
| 005 | 20190905093951.0 | |
| 010 | @a978-7-201-14177-0@dCNY42.00 | |
| 100 | @a20190901d2018 em y0chiy50 ea | |
| 101 | 0 | @achi |
| 102 | @aCN@b120000 | |
| 105 | @aak a 000yy | |
| 106 | @ar | |
| 200 | 1 | @a安全力@Aan quan li@d= Safety drive@e跑赢事故, 远离伤害@f彭国强著@zeng |
| 210 | @a天津@c天津人民出版社@d2018.11 | |
| 215 | @a219页@c图@d24cm | |
| 312 | @a英文其他题名取自封面 | |
| 314 | @a彭国强, 毕业于浙江大学城市学院。 | |
| 320 | @a有书目 (第189页) | |
| 330 | @a本书是一部说明生产安全的普及类读本, 着重于安全的概念与重要性。安全, 既是我们活着的初衷, 也是我们终其一生的追求。然而真能做到一身平安, 寿终正寝的人又有多少? 面对事故我们常说“不怕一万, 只怕万一”, “世界没有后悔药, 残缺的生命无法被修复”。在安全管理中, 常常谈到“要我安全”“我要安全”“我会安全”不同层次的员工安全意识。生命渴望安全, 但是, 有一些人由于缺少必要的安全知识的时候, 往往会视危险为不存在, 从而丧失了宝贵的生命, 对家庭造成了灾难性的痛苦, 对企业造成较大的经济损失。 | |
| 510 | 1 | @aSafety drive@erun the accident, get away from the injury@zeng |
| 517 | 1 | @a跑赢事故, 远离伤害@Apao ying shi gu , yuan li shang hai |
| 606 | 0 | @a安全生产@Aan quan sheng chan |
| 690 | @aX93@v5 | |
| 701 | 0 | @a彭国强@Apeng guo qiang@4著 |
| 801 | 0 | @aCN@c20190905 |
| 905 | @a河南城建学院图书馆@dX93@eP475 | |
| 安全力= Safety drive:跑赢事故, 远离伤害/彭国强著.-天津:天津人民出版社,2018.11 |
| 219页:图;24cm |
| ISBN 978-7-201-14177-0:CNY42.00 |
| 本书是一部说明生产安全的普及类读本, 着重于安全的概念与重要性。安全, 既是我们活着的初衷, 也是我们终其一生的追求。然而真能做到一身平安, 寿终正寝的人又有多少? 面对事故我们常说“不怕一万, 只怕万一”, “世界没有后悔药, 残缺的生命无法被修复”。在安全管理中, 常常谈到“要我安全”“我要安全”“我会安全”不同层次的员工安全意识。生命渴望安全, 但是, 有一些人由于缺少必要的安全知识的时候, 往往会视危险为不存在, 从而丧失了宝贵的生命, 对家庭造成了灾难性的痛苦, 对企业造成较大的经济损失。 |
| ● |
| 相关链接 |
|
|
|
正题名:安全力
索取号:X93/P475
 
预约/预借
| 序号 | 登录号 | 条形码 | 馆藏地/架位号 | 状态 | 备注 |
| 1 | 1437750 | 214377501 | 自科库501/501自科库 121排1列5层/ [索取号:X93/P475] | 在馆 | |
| 2 | 1437751 | 214377510 | 自科库501/501自科库 121排1列5层/ [索取号:X93/P475] | 在馆 |